| 000 | 01135nam a2200277 a 4500 | ||
|---|---|---|---|
| 001 | 000868865 | ||
| 003 | AM-YeHGA | ||
| 005 | 20250617145200.0 | ||
| 008 | 120221s1977 ||||||||r|||||000|0|rus|d | ||
| 040 | _aAM-YeHGA | ||
| 041 | 0 | _arus | |
| 100 | 1 | _aПокровский, Алексей Алексеевич. | |
| 245 | 1 | 0 |
_aПечень, лизосомы и питание / _cА.А. Покровский, Л.П. Крыстев; [Под ред. Т.А. Ташева]; Болгарская академия наук. |
| 246 | 1 | 1 | _aLiver, lysosomes and nutrition |
| 260 |
_aСофия : _b[Б. и.], _c1977. |
||
| 300 |
_a208 с. : _bил. ; _c25 см. |
||
| 504 | _aБиблиогр.: с. 182-199 | ||
| 650 | 1 | 4 |
_aПечень _xМетаболизм |
| 650 | 1 | 4 | _aГепатоциты |
| 650 | 1 | 4 | _aБиохимические явления, обмен веществ и питание |
| 650 | 1 | 4 |
_aЛизосомы _xМетаболизм _xЦитология |
| 700 | 1 | _aКрыстев, Л.П. | |
| 700 | 1 |
_aТашев, Т.А. _eред. _4edt |
|
| 710 | 2 | _aБолгарская академия наук | |
| 090 | _c309255 | ||
| 999 |
_c307546 _d307546 |
||